New perspectives on e-commerce (Record no. 8711)

000 -LEADER
fixed length control field 00424 a2200145 4500
020 ## - INTERNATIONAL STANDARD BOOK NUMBER
International Standard Book Number 0-619-04416-0
040 ## - CATALOGING SOURCE
Original cataloging agency Library of Congress
Language of cataloging English
082 ## - DEWEY DECIMAL CLASSIFICATION NUMBER
Classification number 658.84
100 1# - MAIN ENTRY--PERSONAL NAME
Personal name Schneider, Gary P.
245 00 - TITLE STATEMENT
Title New perspectives on e-commerce
Statement of responsibility, etc. Gary P. Schneider
260 ## - PUBLICATION, DISTRIBUTION, ETC.
Place of publication, distribution, etc. Cambridge, Mass. :
Name of publisher, distributor, etc. Course Technology,
Date of publication, distribution, etc. cop. 2002
300 ## - PHYSICAL DESCRIPTION
Extent [464] s. :
Other physical details ill.
650 #7 - SUBJECT ADDED ENTRY--TOPICAL TERM
Topical term or geographic name entry element Electronic commerce
942 ## - ADDED ENTRY ELEMENTS (KOHA)
Koha item type Book
Call number prefix 658.84 SCH
Source of classification or shelving scheme
Holdings
Withdrawn status Lost status Source of classification or shelving scheme Materials specified (bound volume or other part) Damaged status Not for loan Permanent Location Current Location Shelving location Date acquired Source of acquisition Cost, normal purchase price Total Checkouts Total Renewals Full call number Barcode Date last seen Date last checked out Price effective from Koha item type
      CSS Corner Book     Central Library (CL) Central Library (CL) Central Superior Services 02/22/2003 Allied Book Company 3009.67 2 2 658.84 SCH SEECS003124 01/12/2024 10/24/2023 01/05/2017 CSS Corner
© 2023 Central Library, National University of Sciences and Technology. All Rights Reserved.